00470nam a2200181 a 4500001001300000003000900013005001700022008004100039020001000080082001700090100002200107245002900129260003600158300000900194500003500203505002900238650002100267nice12345678IN_TiNIC20260116011423.0050524s1956 wasa grp 000 0 eng  ac10000a808.042bGOR aGorrell, Robert M aModern English Hand-Book aWashingtonbPrentice Hallc1956 a620p aincludes index and biblioraphy2 aGlossary of Usage, Index aRhetoric-English